[Event "SC Falke Saerbeck 1 - SK Königsspringer"]
[Site "Verbandsliga 2019/2020"]
[Date "2019.11.30"]
[Round "4.1"]
[White "Lerke, Bernd"]
[Black "Vos, Thomas"]
[Result "1/2-1/2"]
[WhiteElo "1884"]
[BlackElo "2063"]
[PlyCount "87"]
[EventDate "2019.??.??"]
[SourceDate "2019.09.14"]

1. Nf3 Nc6 2. d4 d5 3. Bf4 Bg4 4. e3 e6 5. Be2 Bd6 6. Ne5 Bxe2 7. Qxe2 Nge7 8.
Nxc6 Nxc6 9. Qg4 Qf6 10. Bxd6 cxd6 11. Nc3 a6 12. O-O h5 13. Qg3 h4 14. Qxd6 h3
15. g4 Qg6 16. f3 Rd8 17. Qg3 Nb4 18. Rae1 Nxc2 19. Re2 b5 20. a3 b4 21. axb4
Nxb4 22. f4 f5 23. gxf5 Qxf5 24. e4 dxe4 25. Qxg7 Rh7 26. Qe5 Qxe5 27. dxe5
Rg7+ 28. Kh1 Nd5 29. Nxe4 Rg2 30. Ref2 Ne3 31. Re1 Rd4 32. Nf6+ Kf7 33. Rxg2
Nxg2 34. Rf1 Kg6 35. Ng4 Rxf4 36. Nf2 Kf5 37. Kg1 Ne3 38. Ra1 Ng4 39. Nxh3 Rf3
40. Kg2 Rb3 41. Ra2 Rb6 42. Ng1 Kxe5 43. Kg3 Ne3 44. Nf3+ 1/2-1/2

[Event "SC Falke Saerbeck 1 - SK Königsspringer"]
[Site "Verbandsliga 2019/2020"]
[Date "2019.11.30"]
[Round "4.2"]
[White "Hegemann, Eike"]
[Black "Sandmann, Matthias"]
[Result "1/2-1/2"]
[WhiteElo "1962"]
[BlackElo "1751"]
[PlyCount "89"]
[EventDate "2019.??.??"]
[SourceDate "2019.09.14"]

1. e4 e5 2. Nf3 Nc6 3. Bb5 Nf6 4. d3 d6 5. c3 a6 6. Ba4 Be7 7. O-O O-O 8. Re1
b5 9. Bc2 Bb7 10. Nbd2 Re8 11. a4 b4 12. d4 Bf8 13. Nc4 bxc3 14. bxc3 exd4 15.
cxd4 d5 16. Rb1 Nb4 17. Nce5 dxe4 18. Ng5 Nxc2 19. Ngxf7 Qxd4 20. Rxb7 Qxd1 21.
Rxd1 c5 22. Nc6 Rac8 23. Nfe5 Nd4 24. Nxd4 cxd4 25. Nd7 Nxd7 26. Rxd7 Red8 27.
Rxd8 Rxd8 28. f3 Re8 29. Kf1 e3 30. Rxd4 a5 31. Ke2 Bc5 32. Re4 Rb8 33. Re5 Bb4
34. Bxe3 Rc8 35. Bb6 Rc2+ 36. Kd3 Rxg2 37. Bxa5 Bxa5 38. Rxa5 Rxh2 39. Rc5 Ra2
40. a5 g6 41. Kc4 h5 42. Kb3 Ra1 43. Kb2 Ra4 44. Kb3 Ra1 45. Kb2 1/2-1/2

[Event "SC Falke Saerbeck 1 - SK Königsspringer"]
[Site "Verbandsliga 2019/2020"]
[Date "2019.11.30"]
[Round "4.3"]
[White "Kasubke, Manfred"]
[Black "Kipp, Lucas"]
[Result "1/2-1/2"]
[WhiteElo "1834"]
[BlackElo "1926"]
[PlyCount "44"]
[EventDate "2019.??.??"]
[SourceDate "2019.09.14"]

1. e4 e6 2. d4 d5 3. exd5 exd5 4. c4 Nf6 5. Nc3 Bb4 6. Bd3 h6 7. Nf3 O-O 8. h3
c5 9. O-O cxd4 10. Nxd5 Nxd5 11. cxd5 Qxd5 12. a3 Ba5 13. Bc2 Bf5 14. Bb3 Qd6
15. Nxd4 Bc7 16. g3 Bxh3 17. Nb5 Qc6 18. Qd5 Bb6 19. Re1 Qxd5 20. Bxd5 Nc6 21.
Be3 Bxe3 22. Rxe3 a6 1/2-1/2

[Event "SC Falke Saerbeck 1 - SK Königsspringer"]
[Site "Verbandsliga 2019/2020"]
[Date "2019.11.30"]
[Round "4.4"]
[White "Fischer, Andreas"]
[Black "Hols, Bernhard"]
[Result "1-0"]
[WhiteElo "1889"]
[BlackElo "1774"]
[PlyCount "69"]
[EventDate "2019.??.??"]
[SourceDate "2019.09.14"]

1. e4 c5 2. Nf3 d6 3. d4 cxd4 4. Nxd4 Nf6 5. f3 e5 6. Nb3 Bd7 7. Be3 Be7 8. c4
Be6 9. Nc3 O-O 10. Be2 a6 11. O-O Qd7 12. Qd2 Rc8 13. Nd5 Bxd5 14. cxd5 a5 15.
Nxa5 Qa4 16. Nb3 Nbd7 17. Rfc1 b6 18. Rxc8+ Rxc8 19. Rc1 Nc5 20. Nxc5 bxc5 21.
b3 Qa3 22. Bb5 Rb8 23. Ba4 Bd8 24. Rc4 Rb4 25. Rxb4 Qxb4 26. Qxb4 cxb4 27. g4
Kf8 28. Kf2 Ke7 29. Ke2 Ng8 30. Kd3 f6 31. Kc4 g6 32. Kxb4 h6 33. Bc6 f5 34.
gxf5 gxf5 35. a4 1-0

[Event "SC Falke Saerbeck 1 - SK Königsspringer"]
[Site "Verbandsliga 2019/2020"]
[Date "2019.11.30"]
[Round "4.5"]
[White "Schmidt, Ralf"]
[Black "Fayazi, Shahriar"]
[Result "0-1"]
[WhiteElo "1608"]
[BlackElo "1889"]
[PlyCount "56"]
[EventDate "2019.??.??"]
[SourceDate "2019.09.14"]

1. e4 d6 2. d4 Nf6 3. Nc3 g6 4. Be3 c6 5. h3 Qc7 6. f4 b5 7. e5 Nh5 8. Qf3 Bb7
9. O-O-O Nd7 10. Qf2 b4 11. Na4 Qa5 12. b3 Nb6 13. d5 Nxa4 14. bxa4 Qxa4 15.
Bd4 dxe5 16. fxe5 Bh6+ 17. Kb1 cxd5 18. e6 f6 19. Be3 Bxe3 20. Qxe3 Rc8 21. Rc1
Rc3 22. Qe2 O-O 23. Qb5 Bc6 24. Qxa4 Bxa4 25. Ne2 Re3 26. Nd4 Nf4 27. c4 bxc3
28. Nc2 Rb8+ 0-1

[Event "SC Falke Saerbeck 1 - SK Königsspringer"]
[Site "Verbandsliga 2019/2020"]
[Date "2019.11.30"]
[Round "4.6"]
[White "Bartsch, Jan"]
[Black "Steens, Rudolf"]
[Result "1/2-1/2"]
[WhiteElo "1793"]
[BlackElo "1808"]
[PlyCount "118"]
[EventDate "2019.??.??"]
[SourceDate "2019.09.14"]

1. b3 d5 2. Bb2 c5 3. e3 Nf6 4. Nf3 e6 5. c4 Be7 6. cxd5 exd5 7. Be2 Nc6 8. O-O
O-O 9. d4 cxd4 10. Nxd4 Nxd4 11. Bxd4 Bf5 12. Nc3 Ne4 13. Bd3 Nxc3 14. Bxc3 Be6
15. Qb1 f5 16. Qb2 Bf6 17. Bd4 Rc8 18. Rac1 a6 19. Rxc8 Bxc8 20. Rc1 Bd7 21.
Bxf6 Qxf6 22. Qxf6 Rxf6 23. Kf1 g6 24. Ke2 Bc6 25. g3 Kf7 26. Kd2 Ke6 27. Bxa6
Kd6 28. Bd3 Rf8 29. a4 Ra8 30. Kc3 Ra5 31. Kb4 Ra7 32. Bb5 Ra8 33. a5 Rc8 34.
Bxc6 bxc6 35. a6 Rb8+ 36. Kc3 Ra8 37. Ra1 Kc5 38. b4+ Kb5 39. a7 Kb6 40. Kd4
Kb5 41. Ke5 Kb6 42. Kd6 Rd8+ 43. Ke7 Ra8 44. Kd7 Kb7 45. h4 Kb6 46. Kd6 Rd8+
47. Ke7 Ra8 48. Kd7 Kb7 49. Ra5 Kb6 50. f4 c5 51. Rxc5 Rxa7+ 52. Ke6 Ra3 53.
Rxd5 Rxe3+ 54. Kf6 Rxg3 55. Rd7 h5 56. Rg7 Rg4 57. Rxg6 Kb5 58. Kxf5 Rxh4 59.
Kg5 Rg4+ 1/2-1/2

[Event "SC Falke Saerbeck 1 - SK Königsspringer"]
[Site "Verbandsliga 2019/2020"]
[Date "2019.11.30"]
[Round "4.7"]
[White "Holstegge, Ludger"]
[Black "Hoge, Reinhard"]
[Result "1/2-1/2"]
[WhiteElo "1734"]
[BlackElo "1878"]
[PlyCount "55"]
[EventDate "2019.??.??"]
[SourceDate "2019.09.14"]

1. c4 Nf6 2. Nf3 g6 3. Nc3 Bg7 4. g3 O-O 5. Bg2 d6 6. O-O c5 7. d3 Nc6 8. Bd2
a6 9. Rb1 Rb8 10. a3 b5 11. cxb5 axb5 12. b4 cxb4 13. axb4 Re8 14. h3 d5 15. d4
Ne4 16. e3 Bf5 17. Rb3 Nxc3 18. Bxc3 Be4 19. Ne1 Bxg2 20. Kxg2 Ra8 21. Nd3 Ra7
22. Qc2 Qa8 23. Rfb1 f6 24. Bb2 e6 25. Rc1 Ne7 26. Rc3 Nf5 27. Rc6 Bf8 28. Rc8
1/2-1/2

[Event "SC Falke Saerbeck 1 - SK Königsspringer"]
[Site "Verbandsliga 2019/2020"]
[Date "2019.11.30"]
[Round "4.8"]
[White "Bartsch, Rainer"]
[Black "Keller, Hansjuergen"]
[Result "1-0"]
[WhiteElo "1696"]
[BlackElo "1673"]
[PlyCount "83"]
[EventDate "2019.??.??"]
[SourceDate "2019.09.14"]

1. d4 d5 2. Nf3 e6 3. e3 Nf6 4. Bd3 c5 5. b3 Nbd7 6. O-O g6 7. c4 cxd4 8. exd4
Nb6 9. Nc3 Bd7 10. c5 Nc8 11. Ne5 Bg7 12. Bg5 Ne7 13. Qf3 Nc6 14. Nb5 O-O 15.
Nxd7 Qxd7 16. Bxf6 a6 17. Bxg7 Kxg7 18. Nc3 Nxd4 19. Qg4 Nc6 20. a3 Rad8 21. b4
Qc7 22. Rfe1 Rfe8 23. Rad1 e5 24. Bc2 Nd4 25. Rd2 Qc6 26. h4 b6 27. Rxd4 exd4
28. Qxd4+ Kg8 29. Rxe8+ Rxe8 30. Nxd5 Re1+ 31. Kh2 bxc5 32. bxc5 Re6 33. Be4
Qe8 34. f3 Qb8+ 35. g3 Qd8 36. c6 Rxc6 37. Ne7+ Qxe7 38. Bxc6 Qxa3 39. Qd8+ Kg7
40. Qd4+ Kg8 41. Bd5 Qd6 42. Bxf7+ 1-0

[Event "Schach Nienberge 2 - SF Beelen 1"]
[Site "Verbandsliga 2019/2020"]
[Date "2019.11.30"]
[Round "4.1"]
[White "Hofene, Dieter"]
[Black "Melkert, Tim"]
[Result "0-1"]
[WhiteElo "1991"]
[BlackElo "1945"]
[PlyCount "78"]
[EventDate "2019.??.??"]
[SourceDate "2019.09.14"]

1. e4 e6 2. d4 d5 3. Nc3 Nf6 4. e5 Nfd7 5. f4 c5 6. Nf3 Nc6 7. Be3 a6 8. Qd2 b5
9. dxc5 Bxc5 10. Bxc5 Nxc5 11. Qf2 Nd7 12. Bd3 Qb6 13. O-O O-O 14. Ne2 Qxf2+
15. Rxf2 Nb4 16. Ned4 Nc5 17. Ne1 Bd7 18. a3 Nc6 19. Nef3 f6 20. Nxc6 Bxc6 21.
Nd4 Rac8 22. exf6 Rxf6 23. Re1 Bd7 24. g3 Nxd3 25. cxd3 Kf7 26. Rff1 Ke7 27.
Rc1 Kd6 28. Nf3 h6 29. Ne5 Rxc1 30. Rxc1 g5 31. Nxd7 Kxd7 32. fxg5 hxg5 33. Kg2
g4 34. Rf1 Rxf1 35. Kxf1 d4 36. h4 gxh3 37. Kf2 e5 38. Kf3 e4+ 39. dxe4 d3 0-1

[Event "Schach Nienberge 2 - SF Beelen 1"]
[Site "Verbandsliga 2019/2020"]
[Date "2019.11.30"]
[Round "4.2"]
[White "Da Costa Campos, Andre"]
[Black "Hanewinkel, Winfried"]
[Result "0-1"]
[WhiteElo "1895"]
[BlackElo "1914"]
[PlyCount "42"]
[EventDate "2019.??.??"]
[SourceDate "2019.09.14"]

1. e4 d6 2. d4 Nf6 3. Nc3 g6 4. Be3 Bg7 5. f3 Na6 6. Qd2 c6 7. Bh6 Bxh6 8. Qxh6
Qb6 9. O-O-O Be6 10. e5 dxe5 11. dxe5 Nd7 12. f4 O-O-O 13. Bxa6 Qxa6 14. Kb1
Nb6 15. Nf3 Qc4 16. Ng5 Qxf4 17. Rdf1 Qc4 18. Nxe6 Qxe6 19. Qg7 Rhf8 20. Qxh7
Nc4 21. Qh4 Nd2+ 0-1

[Event "Schach Nienberge 2 - SF Beelen 1"]
[Site "Verbandsliga 2019/2020"]
[Date "2019.11.30"]
[Round "4.3"]
[White "Hanewinkel, Martin"]
[Black "Stoeckmann, Helmut"]
[Result "1-0"]
[WhiteElo "1853"]
[BlackElo "1928"]
[PlyCount "113"]
[EventDate "2019.??.??"]
[SourceDate "2019.09.14"]

1. d4 Nf6 2. Nf3 e6 3. Bf4 Be7 4. c3 O-O 5. e3 b6 6. Bd3 Bb7 7. Nbd2 d5 8. h4
Nbd7 9. Ng5 Bd6 10. Ndf3 Ne4 11. Ne5 Qe7 12. f3 Nef6 13. Qc2 g6 14. g4 h6 15.
Ngxf7 Rxf7 16. Nxg6 Qd8 17. Ne5 Re7 18. Bg6 Qf8 19. g5 Ne8 20. O-O-O Bxe5 21.
dxe5 h5 22. Bxh5 Ng7 23. Bg4 Rf7 24. Qg6 Qe7 25. h5 Nf8 26. Qc2 Nf5 27. g6 Rg7
28. Bxf5 exf5 29. Qxf5 Qe6 30. Qb1 Nxg6 31. hxg6 Qxg6 32. Bh6 Qxb1+ 33. Kxb1
Rg6 34. Rdg1 Kf7 35. Bg5 Rag8 36. f4 Ke6 37. Rh7 R8g7 38. Rxg7 Rxg7 39. Rh1 Kf5
40. Rh8 Bc6 41. Rh6 Be8 42. Kc1 Bg6 43. b4 Rh7 44. Rxh7 Bxh7 45. b5 Ke6 46. Kb2
Bd3 47. a4 Kd7 48. Ka3 Ke6 49. Kb4 Kd7 50. c4 dxc4 51. Kc3 Ke6 52. Kd4 Kd7 53.
e4 Bc2 54. f5 Bxa4 55. e6+ Ke8 56. f6 Bxb5 57. f7+ 1-0

[Event "Schach Nienberge 2 - SF Beelen 1"]
[Site "Verbandsliga 2019/2020"]
[Date "2019.11.30"]
[Round "4.4"]
[White "Wetterau, Georg"]
[Black "Cigelski, Rudolf"]
[Result "1/2-1/2"]
[WhiteElo "1829"]
[BlackElo "1798"]
[PlyCount "120"]
[EventDate "2019.??.??"]
[SourceDate "2019.09.14"]

1. e4 e6 2. Nf3 d5 3. e5 c5 4. b4 cxb4 5. d4 Nc6 6. a3 Qb6 7. axb4 Bxb4+ 8. c3
Be7 9. Bd3 h5 10. Ba3 Nh6 11. Bxe7 Nxe7 12. Na3 a6 13. h3 Nhf5 14. g3 Bd7 15.
O-O Rc8 16. Qc2 g5 17. g4 hxg4 18. hxg4 Nh6 19. Nh2 Nc6 20. Qd2 Qd8 21. Kg2 f6
22. Bg6+ Kf8 23. f4 Kg7 24. fxg5 fxe5 25. Bh5 Nf5 26. dxe5 d4 27. gxf5 Rxh5 28.
f6+ Kf8 29. Nf3 dxc3 30. Qf4 Qe8 31. Qe4 Nd8 32. g6 Bc6 33. Qg4 Rf5 34. Nc4
Bxf3+ 35. Rxf3 Rxc4 36. Qxc4 Qxg6+ 37. Rg3 Rg5 38. Qxc3 Qe4+ 39. Kg1 Rxg3+ 40.
Qxg3 Qd4+ 41. Kh2 Qd2+ 42. Kh1 Qh6+ 43. Kg1 Nc6 44. f7 Qg7 45. Qxg7+ Kxg7 46.
Rf1 Kf8 47. Rf6 Nxe5 48. Rxe6 Nxf7 49. Kf2 Nd8 50. Re4 Nc6 51. Ke3 Ne7 52. Kd4
Ke8 53. Kc5 Kd7 54. Rh4 Kc7 55. Rh7 b6+ 56. Kc4 Kd7 57. Rh6 Nc8 58. Rh7+ Kc6
59. Rh6+ Nd6+ 60. Kd4 Kc7 1/2-1/2

[Event "Schach Nienberge 2 - SF Beelen 1"]
[Site "Verbandsliga 2019/2020"]
[Date "2019.11.30"]
[Round "4.5"]
[White "Fartmann, Franz Josef"]
[Black "Schipke, Thorsten"]
[Result "1-0"]
[WhiteElo "1796"]
[BlackElo "1838"]
[PlyCount "103"]
[EventDate "2019.??.??"]
[SourceDate "2019.09.14"]

1. Nf3 c5 2. g3 Nc6 3. Bg2 Nf6 4. O-O e5 5. d3 d5 6. c3 Be7 7. Qc2 O-O 8. Nbd2
Bg4 9. h3 Bh5 10. e4 d4 11. c4 Nd7 12. g4 Bg6 13. a3 Nf6 14. Nh2 h5 15. f3 hxg4
16. fxg4 Qd7 17. Re1 Nh7 18. Ndf3 f6 19. Nf1 Bf7 20. Ng3 g5 21. Rf1 Bg6 22. Bd2
a5 23. Rf2 Nd8 24. Nh2 Ne6 25. Nhf1 Nf4 26. Nf5 Bxf5 27. exf5 Nxg2 28. Rxg2 b5
29. Ng3 Rfb8 30. Ne4 Kg7 31. Be1 a4 32. Rc1 b4 33. Rb1 Qb7 34. axb4 cxb4 35. b3
axb3 36. Rxb3 Ra1 37. Re2 Nf8 38. Qb2 Ra4 39. Qc1 Nd7 40. Reb2 Qa7 41. Qd1 Rb7
42. Qe2 Nb8 43. h4 Nc6 44. hxg5 Na5 45. gxf6+ Bxf6 46. Rxb4 Rbxb4 47. Rxb4 Ra1
48. Nxf6 Kxf6 49. Qe4 Qc5 50. Rb5 Qc6 51. Qxe5+ Kf7 52. Rxa5 1-0

[Event "Schach Nienberge 2 - SF Beelen 1"]
[Site "Verbandsliga 2019/2020"]
[Date "2019.11.30"]
[Round "4.6"]
[White "Schulte Austum, Frank"]
[Black "Austermann, Reinhold"]
[Result "1/2-1/2"]
[WhiteElo "1734"]
[BlackElo "1733"]
[PlyCount "74"]
[EventDate "2019.??.??"]
[SourceDate "2019.09.14"]

1. d4 d5 2. Nf3 e6 3. Bf4 Bd6 4. Bg3 f5 5. e3 Nf6 6. Ne5 O-O 7. Nd2 c6 8. Be2
Qe7 9. Bh4 Qc7 10. f4 Nbd7 11. g4 Ne4 12. g5 Nxe5 13. fxe5 Be7 14. Nxe4 dxe4
15. Bc4 b5 16. Bb3 a5 17. a3 a4 18. Ba2 c5 19. c3 Ra7 20. Rg1 b4 21. cxb4 cxb4
22. Rc1 Qa5 23. axb4 Bxb4+ 24. Kf2 Qd8 25. Bg3 Kh8 26. Bf4 Be7 27. Qh5 g6 28.
Qd1 Qb6 29. Rc2 Bd7 30. h4 Rb8 31. h5 Be8 32. hxg6 Bxg6 33. Rh1 Bf8 34. Kg1
Rab7 35. Rhh2 Qa6 36. Bc4 Qc6 37. Ba2 Qa6 1/2-1/2

[Event "Schach Nienberge 2 - SF Beelen 1"]
[Site "Verbandsliga 2019/2020"]
[Date "2019.11.30"]
[Round "4.7"]
[White "Beckmann, Frank"]
[Black "Weist, Thorsten"]
[Result "1/2-1/2"]
[WhiteElo "1741"]
[BlackElo "1728"]
[PlyCount "62"]
[EventDate "2019.??.??"]
[SourceDate "2019.09.14"]

1. d4 Nf6 2. Nf3 g6 3. e3 Bg7 4. c4 d6 5. Nc3 O-O 6. Be2 Nbd7 7. O-O e5 8. Qc2
Qe7 9. Nd5 Nxd5 10. cxd5 e4 11. Nd2 Nf6 12. Qc4 Ne8 13. Re1 f5 14. Nf1 g5 15.
g3 Bh6 16. f4 exf3 17. Bxf3 f4 18. Qe2 Nf6 19. exf4 Qxe2 20. Rxe2 g4 21. Bg2
Bd7 22. Bd2 Bg7 23. Be3 Rfe8 24. Rae1 Bb5 25. Rc2 Re7 26. Bf2 Rae8 27. Rxe7
Rxe7 28. Ne3 Bd3 29. Rd2 Bg6 30. Rd1 h5 31. Kf1 Kf7 1/2-1/2

[Event "SC Rochade Emsdetten 2 - SF Telgte 1"]
[Site "Verbandsliga 2019/2020"]
[Date "2019.11.30"]
[Round "4.1"]
[White "Junker, Axel"]
[Black "Wissing, Philipp"]
[Result "1/2-1/2"]
[WhiteElo "1925"]
[BlackElo "1858"]
[PlyCount "133"]
[EventDate "2019.??.??"]
[SourceDate "2019.09.14"]

1. c4 Nf6 2. Nc3 g6 3. Nf3 Bg7 4. g3 O-O 5. Bg2 c6 6. d4 d6 7. O-O Nbd7 8. e4
e5 9. Re1 Qe7 10. h3 h6 11. Be3 Rd8 12. Qd2 Kh7 13. Rad1 b6 14. Nh2 Ba6 15. b3
Nf8 16. f4 Nh5 17. Qf2 exd4 18. Bxd4 Bb7 19. Nf3 Ne6 20. Bxg7 Nhxg7 21. Nh4 Nh5
22. f5 Nc5 23. g4 Nf6 24. b4 Ncd7 25. Rf1 g5 26. Nf3 Ne5 27. Nxe5 dxe5 28. c5
bxc5 29. Qxc5 Qxc5+ 30. bxc5 Ba6 31. Rfe1 Nd7 32. Rd6 Nxc5 33. Rxc6 Rac8 34.
Rxc8 Rxc8 35. Nd5 Nd3 36. Re2 Rc1+ 37. Kh2 Bc4 38. Rd2 Rb1 39. Ne3 Ba6 40. Bf1
Nb4 41. Bxa6 Nxa6 42. Rd7 Rb2+ 43. Kg3 Kg8 44. Rxa7 Rxa2 45. f6 Ra4 46. Kf3 Ra3
47. Ke2 Ra2+ 48. Ke1 Ra4 49. Kd2 Nc5 50. Rxa4 Nxa4 51. Nc4 Nc5 52. Ke3 Nd7 53.
Kf3 Kh7 54. Kg3 Kg6 55. h4 Nc5 56. Nxe5+ Kxf6 57. Nc4 Nxe4+ 58. Kf3 Nc5 59.
hxg5+ Kxg5 60. Nd6 f6 61. Nf7+ Kg6 62. Nd6 Nd7 63. Kf4 Ne5 64. Kg3 Nd3 65. Nf5
Nb4 66. Kf4 Nd5+ 67. Kg3 1/2-1/2

[Event "SC Rochade Emsdetten 2 - SF Telgte 1"]
[Site "Verbandsliga 2019/2020"]
[Date "2019.11.30"]
[Round "4.2"]
[White "Luecke, Thomas"]
[Black "Lodde, Martin"]
[Result "1/2-1/2"]
[WhiteElo "1833"]
[BlackElo "1941"]
[PlyCount "126"]
[EventDate "2019.??.??"]
[SourceDate "2019.09.14"]

1. d4 Nf6 2. Nf3 e6 3. Bf4 b6 4. e3 Bb7 5. Nbd2 Be7 6. Bd3 d5 7. c3 Nbd7 8. Qe2
Ne4 9. Ba6 Bxa6 10. Qxa6 Nxd2 11. Nxd2 Qc8 12. Qxc8+ Rxc8 13. e4 O-O 14. exd5
exd5 15. O-O Bf6 16. Nf3 c6 17. Rfe1 Rfe8 18. Kf1 h6 19. Rxe8+ Rxe8 20. Re1 Re6
21. h3 Kf8 22. Re2 Ke7 23. Ke1 h5 24. Kd2 Rxe2+ 25. Kxe2 Ke6 26. Kd3 Kf5 27.
Bd6 g5 28. Ne1 g4 29. hxg4+ hxg4 30. Nc2 Ke6 31. Bf4 Be7 32. Ne3 f5 33. f3 gxf3
34. gxf3 Bh4 35. Nc2 Be7 36. Ne3 b5 37. Nc2 a6 38. Bc7 Bd6 39. Bxd6 Kxd6 40.
Ke3 Ke6 41. Kf4 Nb6 42. b3 a5 43. Ne3 b4 44. cxb4 axb4 45. Nc2 Nd7 46. Nxb4 c5
47. dxc5 Nxc5 48. Ke3 Kd6 49. Nc2 Ne6 50. b4 Ke5 51. a4 d4+ 52. Kd2 Kd5 53. Na3
Ng5 54. Ke2 f4 55. a5 d3+ 56. Kxd3 Nxf3 57. b5 Ne5+ 58. Ke2 f3+ 59. Ke3 Kc5 60.
b6 Kc6 61. Kf2 Kb7 62. Nb5 Nc4 63. Kxf3 Nxa5 1/2-1/2

[Event "SC Rochade Emsdetten 2 - SF Telgte 1"]
[Site "Verbandsliga 2019/2020"]
[Date "2019.11.30"]
[Round "4.3"]
[White "Kuhlenbaeumer, Alfred"]
[Black "Noering, Andreas"]
[Result "1/2-1/2"]
[WhiteElo "1811"]
[BlackElo "1791"]
[PlyCount "84"]
[EventDate "2019.??.??"]
[SourceDate "2019.09.14"]

1. e4 e5 2. Nf3 Nf6 3. d4 Nxe4 4. Bd3 d5 5. Nxe5 Nd7 6. O-O Nxe5 7. dxe5 Nc5 8.
Be2 Be7 9. f4 Bf5 10. Bf3 Be4 11. Nc3 Bxf3 12. Qxf3 c6 13. f5 Nd7 14. Qg3 Rg8
15. Kh1 f6 16. e6 Ne5 17. Qh3 Qc7 18. Ne2 O-O-O 19. Bd2 g6 20. b4 gxf5 21. Qxf5
Kb8 22. a4 Ng6 23. Qh3 Rde8 24. Nd4 Bd6 25. Rxf6 Be5 26. Rf7 Qc8 27. c3 Bxd4
28. cxd4 Rxe6 29. b5 c5 30. Qg3+ Ka8 31. dxc5 Re2 32. Rc7 Qb8 33. Ba5 Ne7 34.
Qd6 Rgxg2 35. Re1 Rxh2+ 36. Qxh2 Rxh2+ 37. Kxh2 Nf5 38. b6 Qg8 39. Rg1 Qe8 40.
Rg2 axb6 41. Bxb6 h6 42. Rd7 Qh5+ 1/2-1/2

[Event "SC Rochade Emsdetten 2 - SF Telgte 1"]
[Site "Verbandsliga 2019/2020"]
[Date "2019.11.30"]
[Round "4.4"]
[White "Colmer, Willi"]
[Black "Dieckmann, Werner"]
[Result "1/2-1/2"]
[WhiteElo "1781"]
[BlackElo "1779"]
[PlyCount "60"]
[EventDate "2019.??.??"]
[SourceDate "2019.09.14"]

1. d4 c6 2. c4 d5 3. cxd5 cxd5 4. Nc3 Nf6 5. Nf3 e6 6. Bf4 a6 7. e3 Bd6 8. Bd3
Bxf4 9. exf4 Nc6 10. O-O O-O 11. Re1 g6 12. a3 b5 13. b4 Qd6 14. Qd2 Bb7 15.
Rad1 Nh5 16. Ne2 Rfc8 17. Ne5 Ng7 18. g4 Rc7 19. Qe3 Rac8 20. h4 Qe7 21. Qh3
Nxe5 22. fxe5 f5 23. exf6 Qxf6 24. f4 Bc6 25. h5 gxh5 26. g5 Qf7 27. Rf1 Bd7
28. Qh2 Be8 29. Ng3 Nf5 30. Nxf5 exf5 1/2-1/2

[Event "SC Rochade Emsdetten 2 - SF Telgte 1"]
[Site "Verbandsliga 2019/2020"]
[Date "2019.11.30"]
[Round "4.5"]
[White "Pohl, Detlev"]
[Black "Schulte, Ralf"]
[Result "1/2-1/2"]
[WhiteElo "1798"]
[BlackElo "1779"]
[PlyCount "75"]
[EventDate "2019.??.??"]
[SourceDate "2019.09.14"]

1. e4 c5 2. a3 Nc6 3. b4 cxb4 4. axb4 Nxb4 5. d4 d5 6. c3 Nc6 7. exd5 Qxd5 8.
Na3 Bf5 9. Nb5 Qd8 10. d5 Ne5 11. Bf4 f6 12. Nf3 Nxf3+ 13. Qxf3 Kf7 14. g4 Bd7
15. Nc7 Rc8 16. Ne6 Qb6 17. Be2 Bxe6 18. dxe6+ Qxe6 19. O-O Qc6 20. Rxa7 Qxf3
21. Bxf3 g5 22. Be3 Rxc3 23. Rxb7 h5 24. gxh5 Nh6 25. Bd5+ Kg7 26. Be6 Nf7 27.
Bd4 Rd3 28. Bc5 Nd8 29. Rb6 Nxe6 30. Rxe6 Kf7 31. Rfe1 Rd1 32. Rxd1 Kxe6 33.
Rd8 Kf7 34. Kg2 Rxh5 35. Ba3 Rh4 36. h3 Ra4 37. Bc5 Rc4 38. Ba3 1/2-1/2

[Event "SC Rochade Emsdetten 2 - SF Telgte 1"]
[Site "Verbandsliga 2019/2020"]
[Date "2019.11.30"]
[Round "4.6"]
[White "Fehlings, Gerd"]
[Black "Pohl, Tim"]
[Result "1/2-1/2"]
[WhiteElo "1729"]
[BlackElo "1808"]
[PlyCount "104"]
[EventDate "2019.??.??"]
[SourceDate "2019.09.14"]

1. d4 Nf6 2. Nf3 b6 3. g3 Bb7 4. Bg2 e6 5. O-O Be7 6. c4 O-O 7. Nc3 Ne4 8. Qc2
d5 9. cxd5 exd5 10. Rd1 Nxc3 11. Qxc3 Nd7 12. Bf4 Rc8 13. Ne5 Bd6 14. Nxd7 Qxd7
15. Bxd6 Qxd6 16. Qb3 f5 17. e3 Kh8 18. Rd2 Rf6 19. Rc1 Rg8 20. Rdc2 c6 21. Qa4
a6 22. Qb3 b5 23. Qc3 g5 24. Qc5 Qd7 25. Bh3 Qf7 26. f4 Qe8 27. Qc3 Qh5 28. Bf1
gxf4 29. exf4 Re8 30. Re1 Rfe6 31. Rxe6 Rxe6 32. Qd3 Kg7 33. Re2 Rxe2 34. Qxe2
Qxe2 35. Bxe2 b4 36. Bd3 Bc8 37. Kf2 Kf6 38. Ke3 Ke6 39. Be2 Kd6 40. h3 c5 41.
b3 a5 42. dxc5+ Kxc5 43. g4 d4+ 44. Kd2 fxg4 45. hxg4 Bd7 46. g5 Be6 47. Bd3
Bg8 48. f5 a4 49. Bc2 Kd6 50. Kd3 Ke5 51. f6 Kf5 52. Kxd4+ Kxg5 1/2-1/2

[Event "SC Rochade Emsdetten 2 - SF Telgte 1"]
[Site "Verbandsliga 2019/2020"]
[Date "2019.11.30"]
[Round "4.7"]
[White "Esser, Peter"]
[Black "Fuhrmann, Andreas"]
[Result "1/2-1/2"]
[WhiteElo "1733"]
[BlackElo "1651"]
[PlyCount "98"]
[EventDate "2019.??.??"]
[SourceDate "2019.09.14"]

1. Nf3 d5 2. d4 e6 3. g3 c5 4. c3 Nf6 5. Bg2 cxd4 6. cxd4 Bb4+ 7. Bd2 Bxd2+ 8.
Nbxd2 Nc6 9. Qb3 O-O 10. O-O Qe7 11. Rac1 Bd7 12. e3 Rfc8 13. h3 Qb4 14. Rxc6
Qxb3 15. Rxc8+ Rxc8 16. Nxb3 Rc2 17. Ne5 Rxb2 18. Nxd7 Nxd7 19. Ra1 b6 20. Nc1
g6 21. Bf1 Nf6 22. Nd3 Rc2 23. a4 Ne4 24. Bg2 Nd2 25. Ne1 Rc3 26. Bf1 Kg7 27.
Bb5 Ne4 28. Kg2 h6 29. Ra2 Rc1 30. Nd3 Rc7 31. Rb2 Nc3 32. Rc2 Nxb5 33. Rb2 Nd6
34. Ra2 f6 35. h4 g5 36. hxg5 hxg5 37. Kf3 Ne4 38. a5 b5 39. Rb2 Rc3 40. Ke2
Nd6 41. a6 Kf7 42. Nc5 Rc4 43. Nb7 Ne4 44. f3 Nc3+ 45. Kd2 Ke7 46. Rb3 Na4 47.
Rxb5 Rc6 48. Ra5 Nb6 49. Ra2 Nc4+ 1/2-1/2

[Event "SC Rochade Emsdetten 2 - SF Telgte 1"]
[Site "Verbandsliga 2019/2020"]
[Date "2019.11.30"]
[Round "4.8"]
[White "Pfeiffer, Erich"]
[Black "Rex, Dieter"]
[Result "0-1"]
[WhiteElo "1575"]
[BlackElo "1698"]
[PlyCount "66"]
[EventDate "2019.??.??"]
[SourceDate "2019.09.14"]

1. d4 d5 2. Nc3 Bf5 3. Nf3 e6 4. g3 Nf6 5. Bg5 Be7 6. Bg2 h6 7. Bxf6 Bxf6 8.
O-O Nd7 9. Re1 O-O 10. e4 dxe4 11. Nxe4 Bxe4 12. Rxe4 Nb6 13. c3 c6 14. Qb3 Qc7
15. Rae1 Rfd8 16. Ne5 Bxe5 17. Rxe5 Nd5 18. f4 Ne7 19. g4 Ng6 20. Rxe6 fxe6 21.
Rxe6 Qf7 22. Be4 Nf8 23. Bf5 Re8 24. Rxe8 Rxe8 25. Qc2 Qd5 26. Qf2 Qxa2 27. g5
hxg5 28. fxg5 Qa1+ 29. Kg2 Qe1 30. Qf4 Re2+ 31. Kh3 Rf2 32. Qg3 Qf1+ 33. Kg4
Rg2 0-1

[Event "SV Ibbenbüren 1 - Südlohner SV 2"]
[Site "Verbandsliga 2019/2020"]
[Date "2019.11.30"]
[Round "4.1"]
[White "Teloeken, Daniel"]
[Black "Richter, Juergen"]
[Result "1-0"]
[WhiteElo "1943"]
[BlackElo "1901"]
[PlyCount "73"]
[EventDate "2019.??.??"]
[SourceDate "2019.09.14"]

1. c4 e5 2. g3 Nc6 3. Bg2 g6 4. Nc3 Bg7 5. Rb1 a5 6. Nf3 d6 7. O-O Nf6 8. d3
O-O 9. a3 h6 10. b4 Be6 11. b5 Ne7 12. Qb3 Nd7 13. Rd1 f5 14. Bb2 c6 15. bxc6
bxc6 16. a4 Qc7 17. Ba3 Rfb8 18. Qc2 Kf7 19. Nd2 h5 20. e3 Bf6 21. Ne2 h4 22.
d4 hxg3 23. hxg3 g5 24. Rbc1 Kg7 25. dxe5 Nxe5 26. Nd4 Bd7 27. Nb1 Nf7 28. Nc3
Rh8 29. Qd2 Rad8 30. Nce2 Bc8 31. Nb3 c5 32. Qxa5 Qxa5 33. Nxa5 Bd7 34. Nc3
Bxc3 35. Rxc3 Bxa4 36. Rd2 Rb8 37. Bb2 1-0